| 000 | 00780nam a2200265 i 4500 | ||
|---|---|---|---|
| 001 | 172645 | ||
| 003 | ES-MaACL | ||
| 005 | 20250804043928.0 | ||
| 007 | t| | ||
| 008 | 090806s1995 fr ||||1| fre d | ||
| 020 | _a2-07-032760-4 | ||
| 080 | _a1".../14" | ||
| 100 | 1 |
_aHadot, Pierre. _961414 |
|
| 245 | 1 | 0 |
_aQu'est-ce que la philosophie antique? / _cPierre Hadot. |
| 260 |
_a[Paris] : _bGallimard, _c1995. |
||
| 300 |
_a461 p. ; _c18 cm. |
||
| 490 | 1 |
_aFolio. Essais ; _v280 |
|
| 500 | _aÍndices. | ||
| 500 | _aCronología. | ||
| 504 | _aBibliografía. | ||
| 650 | 7 |
_aFilosofía antigua _2embne _9138724 |
|
| 830 | 0 |
_aFolio. Essais ; _v280 _9177997 |
|
| 852 | 4 |
_aES-MaACL _jE-12934 _9R.139398 _z. - Biblioteca Jacinto Martínez Lacalle |
|
| 999 |
_c172645 _d172645 |
||